header

Advanced circuits for emerging technologies (Record no. 88420)

MARC details
000 -LEADER
fixed length control field 01298nam a2200301 a 4500
245 00 - TITLE STATEMENT
Title Advanced circuits for emerging technologies
260 ## - PUBLICATION, DISTRIBUTION, ETC. (IMPRINT)
Place of publication Hoboken, N.J. :
Name of publisher John Wiley & Sons,
Year of publication 2012.
300 ## - PHYSICAL DESCRIPTION
Number of Pages xvi, 615 p. :
Other physical details ill.
505 0# - FORMATTED CONTENTS NOTE
Formatted contents note pt. 1. Digital design and power management -- pt. 2. Analog and RF design -- pt. 3. Device layout and reliability -- pt. 4. Circuit testing.
650 #0 - SUBJECT ADDED ENTRY--TOPICAL TERM
Topical Term Electric circuits.
Topical Term Technological innovations.
700 1# - ADDED ENTRY--PERSONAL NAME
Personal name Iniewski, Krzysztof.
856 40 - ELECTRONIC LOCATION AND ACCESS
Uniform Resource Identifier http://site.ebrary.com/lib/rucke/Doc?id=10558802

No items available.

© 2026 Rongo University
Contact us: librarian | system librarian | Rongo university